| 000 | 02480cam a22004814i 4500 | ||
|---|---|---|---|
| 003 | PE-LiUPU | ||
| 005 | 20250731173338.0 | ||
| 008 | 150706s2007 nyu r 000 0 eng d | ||
| 020 | _a9780521873659 | ||
| 035 | _a(Sirsi) i9780521873659 | ||
| 040 |
_aPE-LiUPU _bspa _cPE-LiUPU _erda |
||
| 049 | _aPRUA | ||
| 082 | 0 | 4 |
_a231 _bG73 _221 |
| 245 | 0 | 4 |
_aThe God of Israel / _cedited by Robert P. Gordon. |
| 264 | 1 |
_aCambridge ; New York : Cambridge : _bUniversity Press, _c2007. |
|
| 300 |
_a307 páginas ; _c24 centímetros |
||
| 336 |
_atext _2rdacontent |
||
| 337 |
_aunmediated _2rdamedia |
||
| 338 |
_avolume _2rdacarrier |
||
| 505 | 0 | _aGeneral Perspectives -- Introducing the God of Israel -- Aniconism in the Old Testament -- Imitation of God in the Old Testament -- Monotheism and the God of many names -- God, creation and the contribution of wisdom -- By royal appointment: God's influence on influencing God -- Is monotheism bad for you?: some reflections on God, the Bible, and life in the light -- Old Testament monotheism and Zoroastrian influence -- Texts and Themes -- God, women and children -- The exegesis of the divine name in Exodus -- The de-deification of deities in Deuteronomy -- Is God moral?: on the Saul narratives as tragedy -- Standing in the council: when prophets encounter God -- Ugaritic polytheism and Hebrew monotheism in Isaiah -- Interpreting Jonah's God: canon and criticism -- The God of the pre-Maccabees: designations of the divine in the early Hellenistic period -- Deity on Ecclesiasticus . | |
| 526 | _aSEG42 | ||
| 526 | _aSEG41 | ||
| 526 | _aSEG40 | ||
| 526 | _aSEG39 | ||
| 526 | _aP94 | ||
| 526 | _aP87 | ||
| 526 | _aP86 | ||
| 526 | _aP85 | ||
| 526 | _aP77 | ||
| 526 | _aP76 | ||
| 526 | _aP35 | ||
| 541 | _g20081126230934D47324; | ||
| 650 | 0 | 4 | _aDios (Judaismo). |
| 650 | 0 | 4 |
_aDios _xEnseñanza Biblica. |
| 650 | 0 | 4 |
_aDios _xHistoria de las doctrinas. |
| 700 | 1 |
_aGordon, Robert P., _eeditor. |
|
| 910 | _agl20090803 | ||
| 942 |
_2ddc _cBOOK |
||
| 949 |
_a231 G73 _wDEWEY _c1 _i59839 _lCCODEBUL1 _mBUL _p96.00 _r0 _sY _tBOOK _u2015-7-6 _xTEOLOGIA _PP85 _0COMPRA _o.STAFF. Colección General |
||
| 994 |
_aC0 _bPEPRU |
||
| 596 | _a1 | ||
| 999 |
_a231 G73 _wDEWEY _c49374 _i59839 _d49374 _e2017-11-16 _f2021-11-9 _g5 _lCCODEBUL1 _mBUL _n1 _p96.00 _q1 _r0 _sY _tBOOK _u2015-7-6 _xTEOLOGIA _PP85 _0COMPRA _o.STAFF. Colección Teología |
||
| 980 |
_81 _gALBERTO SANCHEZ Responsable de Automatización |
||